ბათუმის შოთა რუსთაველის სახელმწიფო უნივერსიტეტის ბიბლიოთეკა

ინსტრუქცია. DIGNITAS PERSONAE პიროვნების ღირსება. რამდენიმე საკითხი ბიოეთიკის შესახებ (ბიბ.ჩანაწერი № 34561)

000 -LEADER
fixed length control field 01166nam a2200217Ia 4500
001 - CONTROL NUMBER
control field 322
003 - CONTROL NUMBER IDENTIFIER
control field GE_BSU
008 - FIXED-LENGTH DATA ELEMENTS--GENERAL INFORMATION
fixed length control field 181216s||||||||xx |||||||||||||| ||und||
040 ## - CATALOGING SOURCE
Transcribing agency GE_BSU
080 ## - UNIVERSAL DECIMAL CLASSIFICATION NUMBER
Universal Decimal Classification number 176+272
245 ## - TITLE STATEMENT
Title ინსტრუქცია. DIGNITAS PERSONAE პიროვნების ღირსება. რამდენიმე საკითხი ბიოეთიკის შესახებ
245 ## - TITLE STATEMENT
Remainder of title სულხან-საბა ორბელიანის სახ. თეოლოგიის, ფილოსოფიის, კილტურისა და ისტორიის ინ-ტი. რწმენის მოძღვრების კონგრეგაცია
245 ## - TITLE STATEMENT
Statement of responsibility, etc. რედ: ფეიქრიშვილი ჟუჟუნა
260 ## - PUBLICATION, DISTRIBUTION, ETC.
Place of publication, distribution, etc. თბილისი
260 ## - PUBLICATION, DISTRIBUTION, ETC.
Date of publication, distribution, etc. 2009
300 ## - PHYSICAL DESCRIPTION
Extent 45 გვ.
653 ## - INDEX TERM--UNCONTROLLED
Uncontrolled term DIGNITAS PERSONAE პიროვნების ღირსება. რამდენიმე საკითხი ბიოეთიკის შესახებ
653 ## - INDEX TERM--UNCONTROLLED
Uncontrolled term ინსტრუქცია
942 ## - ADDED ENTRY ELEMENTS (KOHA)
Koha item type წიგნი
ეგზემპლარები
Withdrawn status Lost status Damaged status Not for loan Date acquired Barcode Date last seen Price effective from Koha item type Public note
        2018-12-17 885 2018-12-17 2018-12-17 წიგნი დარბაზი
        2018-12-17 886 2018-12-17 2018-12-17 წიგნი დარბაზი